Toplumsal yapı ile vergi yapıları arasındaki ilişkiler : (Record no. 200443275)

MARC details
000 -LEADER
fixed length control field 01258cam a2200337 i 4500
003 - CONTROL NUMBER IDENTIFIER
control field TR-AnTOB
005 - DATE AND TIME OF LATEST TRANSACTION
control field 20230908164911.0
007 - PHYSICAL DESCRIPTION FIXED FIELD--GENERAL INFORMATION
fixed length control field ta
008 - FIXED-LENGTH DATA ELEMENTS--GENERAL INFORMATION
fixed length control field 970908s1981 tu a b 000 0 tur d
035 ## - SYSTEM CONTROL NUMBER
System control number (OCoLC)850510004
040 ## - CATALOGING SOURCE
Original cataloging agency UA@
Language of cataloging tur
Description conventions rda
Transcribing agency UA@
Modifying agency TR-AnTOB
041 0# - LANGUAGE CODE
Language code of text/sound track or separate title Türkçe
050 00 - LIBRARY OF CONGRESS CALL NUMBER
Classification number HJ2906.5
Item number .H47 1981
090 ## - LOCALLY ASSIGNED LC-TYPE CALL NUMBER (OCLC); LOCAL CALL NUMBER (RLIN)
Classification number (OCLC) (R) ; Classification number, CALL (RLIN) (NR) TOBBK HJ2906.5 .H47 1981
099 ## - LOCAL FREE-TEXT CALL NUMBER (OCLC)
Classification number 336.2 HEP 1981
100 ## - MAIN ENTRY--PERSONAL NAME
Personal name Heper, Fethi
Dates associated with a name 1944-
Relator term author
9 (RLIN) 92176
245 10 - TITLE STATEMENT
Title Toplumsal yapı ile vergi yapıları arasındaki ilişkiler :
Remainder of title Türk vergi yapısına ilişkin istatistiki bir model denemesi, 1950-1971 /
Statement of responsibility, etc. Fethi Heper.
264 #1 - PRODUCTION, PUBLICATION, DISTRIBUTION, MANUFACTURE, AND COPYRIGHT NOTICE
Place of production, publication, distribution, manufacture Eskişehir :
Name of producer, publisher, distributor, manufacturer Eskişehir İktisadi ve Ticari İlimler Akademisi,
Date of production, publication, distribution, manufacture, or copyright notice 1981.
300 ## - PHYSICAL DESCRIPTION
Extent x, 99 pages :
Other physical details tables ;
Dimensions 24 cm
336 ## - CONTENT TYPE
Content type term text
Content type code txt
Source rdacontent
337 ## - MEDIA TYPE
Media type term unmediated
Media type code n
Source rdamedia
338 ## - CARRIER TYPE
Carrier type term volume
Carrier type code nc
Source rdacarrier
490 1# - SERIES STATEMENT
Series statement Eskişehir İktisadi ve Ticari İlimler Akademisi yayınları ;
Volume/sequential designation 126/148.
650 #0 - SUBJECT ADDED ENTRY--TOPICAL TERM
Topical term or geographic name entry element Taxation
Geographic subdivision Turkey
9 (RLIN) 87333
Topical term or geographic name entry element Vergilendirme
Geographic subdivision Türkiye
Source of heading or term
9 (RLIN) 87331
653 ## - INDEX TERM--UNCONTROLLED
Uncontrolled term Social structure--Turkey--Taxation
710 2# - ADDED ENTRY--CORPORATE NAME
Corporate name or jurisdiction name as entry element Eskişehir İktisadi ve Ticari İlimler Akademisi
9 (RLIN) 91404
942 ## - ADDED ENTRY ELEMENTS (KOHA)
Source of classification or shelving scheme Other/Generic Classification Scheme
Koha item type Book
Holdings
Withdrawn status Lost status Source of classification or shelving scheme Not for loan Collection code Home library Current library Shelving location Date acquired Source of acquisition Inventory number Total Checkouts Full call number Barcode Date last seen Copy number Date shelved Koha item type Public note
    Other/Generic Classification Scheme Ödünç Verilemez-Kurumiçi kullanım / Not for loan-For inhouse use TOBB Kütüphanesi Bağış Koleksiyonu - Klasik Merkez Kütüphane Merkez Kütüphane TOBB Bağışı Koleksiyonu / TOBB Gift Collection 01/07/2005 TOBB Devir / TOBB Transfer İKT   TOBBK HJ2906.5 .H47 1981 T001944 26/08/2021 1 22/03/2022 Book Donated by TOBB
Devinim Yazılım Eğitim Danışmanlık tarafından Koha'nın orjinal sürümü uyarlanarak geliştirilip kurulmuştur.